| 000 | 02300nam a2200481 c 4500 | ||
|---|---|---|---|
| 999 |
_c168206 _d168206 |
||
| 003 | BLK | ||
| 005 | 20250401121516.0 | ||
| 008 | 180411b bul|||||r ||||||| ||bul|| | ||
| 010 | _aKNG00176081000 | ||
| 020 | _a978-954-8898-60-7 | ||
| 040 | _aBLK | ||
| 041 |
_aBUL _cBUL |
||
| 072 | 7 |
_2bullib _aН62 _xПриложни науки. Техника Н |
|
| 080 |
_aИнтернет. Изчислителни системи. Мултиизчислителни комплекси и многомашинни мрежи _b004.738.5 _x(035) _z004.738.5(035) |
||
| 080 |
_aИзчислителни машини, електронни - програмиране _b681.332.06 _x(035) _z681.332.06(035) |
||
| 080 |
_aМашинна графика _b681.327:003.6 _x(035) _z681.327:003.6(035) |
||
| 100 | 1 |
_aКолисниченко, Денис Николаевич _eпърви автор _981535 |
|
| 139 |
_aКолисниченко, Денис Николаевич _bК 78 |
||
| 245 | 1 | 0 |
_aДа направим собствен сайт _cДенис Николаевич Колисниченко; прев. от рус. Таня Цолова. |
| 250 | _a2. прераб. и доп. изд. | ||
| 257 | _aUKR | ||
| 260 |
_bАсеневци _c2015 _fСофия : Симолини |
||
| 300 |
_a312 с. _bс ил. _c24 см |
||
| 380 | _a0 | ||
| 490 | 1 | _aПрактически наръчници | |
| 500 | _a1. изд. 2013. - Без сведение за ориг. загл. - Съдържа и за авт. | ||
| 650 | 4 |
_aИнтернет - наръчници и ръководства _9257284 |
|
| 650 | 4 |
_aБази данни - наръчници и ръководства _9263979 |
|
| 650 | 4 |
_aПриложни програми - наръчници и ръководства _9267068 |
|
| 653 | _aИнтернет | ||
| 653 | _aбази данни | ||
| 653 | _aприложни програми | ||
| 653 | _aръководства | ||
| 659 | _aН | ||
| 700 | 1 |
_aЦолова, Таня _eпрев. от рус. _9377983 |
|
| 852 | _aЦб 274442 | ||
| 856 | 4 | _qpdf | |
| 856 | 4 | _qpdf | |
| 942 |
_cKNG _n0 _08 _s1 |
||
| 944 |
_aCR _c01.06.2015 _lМинев Младен _k30530 |
||
| 944 |
_aED _c13.06.2016 _lф / _kЛюдмила_Стоянова |
||
| 999 | _d168206 | ||